000 00707nam a2200217 i 4500
001 86116
003 ES-MaACL
005 20230906175357.0
007 t|
008 041207s1982 sp ||||1| spa d
100 1 _aKaplan, Reinhard W.
_967523
245 1 3 _aEl origen de la vida
_b: la biogenética, un campo de investigación de la ciencia actual /
_cReinhard W. Kaplan ; versión de F.J. Nieto Rodríguez-Brochero.
250 _a[1ª ed.].
260 _a[Madrid] :
_bAlhambra,
_c[1982]
300 _aXI, 414 p. ;
_c20 cm.
490 1 _aExedra
700 1 _aNieto Rodríguez-Brochero, F. J.
_985710
830 0 _aExedra
_9177436
852 _aES-MaACL
_jL-1883
_bR.102482
999 _c86116
_d86116